Pays frontaliers du Brésil - Statistiques

Statistiques générales
  • Ce quiz a été pris 41 127 fois
    40 199 depuis la dernière actualisation
  • Le résultat moyen est 9 sur 10
Statistiques - réponses
Longueur Pays % Correct
1 261 km Argentine
99%
1 068 km Uruguay
96%
1 644 km Colombie
95%
1 365 km Paraguay
94%
2 995 km Pérou
93%
3 423 km Bolivie
92%
2 200 km Venezuela
92%
730 km France (Guyane)
88%
593 km Suriname
88%
1 606 km Guyana
87%
Aucun quiz correspondant
Distribution des résultats
% des personnes avec chaque résultat
Percentile par nombre de réponses
Votre historique - résultats
Vous n’avez pas pris ce quiz depuis la dernière actualisation